New colombian frog of the genus eleutherodactylus from the Northern Cordillera Occidental (Registro nro. 16067)

Detalles MARC
000 -CABECERA
Campo de control 004430000a22001210004500
090 ## - CLASIFICACIÓN LOCAL
Colección As
Consecutivo Seriadas
041 0# - IDIOMA
Código de idioma para texto/pista de sonido o título separado
100 1# - ASIENTO PRINCIPAL--NOMBRE PERSONAL
Nombre personal Lynch, John D.
245 10 - MENCION DE TITULO
Título New colombian frog of the genus eleutherodactylus from the Northern Cordillera Occidental
700 1# - ASIENTO SECUNDARIO - NOMBRE PERSONAL
Nombre personal Ardila Robayo, M. Cristina
773 1# - Item fuente:
Título Revista de la Academia Colombiana de Ciencias Exacta, Físicas y Naturales
Descripción física 108
Paginas del Articulo 403-408
Lugar, editorial y fecha de publicación 2004
Información sobre la relación 28
942 ## - ELEMENTOS ADICIONALES (KOHA)
Tipo de ítem Artículo

No hay ítems disponibles.